Most streamed songs : My Chemical Romance - Statistics

General Stats
  • This quiz has been taken 129 times
    76 since last reset
  • The average score is 16 of 20
Answer Stats
Rank Number of streams Song Album % Correct
2. 930 738 783 Welcome to the Black Parade The Black Parade
100%
3. 599 241 119 Helena Three Cheers for Sweet Revenge
98%
1. 1 158 749 515 Teenagers The Black Parade
98%
7. 306 324 906 Na Na Na (Na Na Na Na Na Na Na Na Na) Danger Days : The True Lives of the Fabulous Killjoys
93%
4. 598 635 571 I'm Not Okay (I Promise) Three Cheers for Sweet Revenge
85%
8. 302 367 620 Cancer The Black Parade
83%
12. 209 502 398 Mama The Black Parade
83%
6. 392 552 019 Famous Last Words The Black Parade
80%
10. 234 859 530 The Ghost Of You Three Cheers for Sweet Revenge
80%
11. 213 760 136 Dead! The Black Parade
78%
20. 90 383 499 SING Danger Days : The True Lives of the Fabulous Killjoys
78%
5. 424 639 559 I Don't Love You The Black Parade
76%
18. 92 794 175 The End. The Black Parade
76%
13. 144 225 354 The Sharpest Lives The Black Parade
75%
15. 113 166 045 Thank You for the Venom Three Cheers for Sweet Revenge
73%
9. 279 270 361 Disenchanted The Black Parade
71%
17. 109 267 708 House Of Wolves The Black Parade
68%
14. 134 074 634 You Know What They Do to Guys Like Us in Prison Three Cheers for Sweet Revenge
68%
19. 91 559 951 Cemetery Drive Three Cheers for Sweet Revenge
66%
16. 111 431 557 This Is How I Disappear The Black Parade
64%
No matching quizzes found
Score Distribution
Percent of People with Each Score
Percentile by Number Answered
Your Score History
You have not taken this quiz since the last reset